000
00210 a2200097 4500
001
51036
100
_a
Machavelli N
245
_a
Badsha
260
_a
Karachi
_b
University of Karachi
_c
090
_c
32325
_d
32325
942
_a
NUST-CAE
_c
M
_c
24809
999
_c
286109
_d
286109